Introduction to calculus and analysis

Αποθηκεύτηκε σε:
Λεπτομέρειες βιβλιογραφικής εγγραφής
Κύριος συγγραφέας: Courant, Richard 1888-1972
Άλλοι συγγραφείς: John, Fritz 1910-
Μορφή: Βιβλίο
Γλώσσα:English
Δημοσίευση: Berlin ; Heidelberg : Springer, c1999
Έκδοση:Reprint of the 1989 ed.
Σειρά:Classics in mathematics
Θέματα:
Ετικέτες: Προσθήκη ετικέτας
Δεν υπάρχουν, Καταχωρήστε ετικέτα πρώτοι!

MARC

LEADER 00000nam a2200000 i 4500
001 1/92009
008 991108s1999 eng d
020 |a 354065058X 
035 |l 10053862 
040 |a GR-MY-UA  |b gre  |e aacr 
041 0 |a eng 
082 0 |a 515 
100 1 |a Courant, Richard  |d 1888-1972. 
245 1 0 |a Introduction to calculus and analysis /  |c Richard Courant, Fritz John 
250 |a Reprint of the 1989 ed. 
260 |a Berlin ; Heidelberg :   |b Springer,   |c c1999 
300 |a v.;  |b ill.;  |c 24 cm. 
490 1 |a Classics in mathematics 
500 |a Includes bibliographical references and index 
650 0 0 |a Calculus. 
650 0 0 |a Mathematical analysis. 
700 1 |a John, Fritz  |d 1910- 
830 0 |a Classics in mathematics 
852 |a INST  |b SAMOS  |e 19991108  |h 515 COU  |p 005300017009  |q 005300017009  |t BK  |y 0  |z v.1 
852 |a INST  |b SAMOS  |e 19991108  |h 515 COU  |p 005300017009  |q 005300017009  |t BK  |v v.1:  |y 0  |z v.1 
853 |a INST  |b SAMOS  |h 515 COU 
901 |a BIBL3-1999-3 
909 |a Σ  |b 067332 
922 |a 3ΕΛΗ  |b 199907  |c ΕΠΕΑΕΚ/ΜΑΘ  |d ΠΑΠΑΣΩΤΗΡΙΟΥ 
970 |a ΓΕΝΟΥΖΟΥ  |b ΧΡΥΣΑΝΘΗ  |z 1999/11/08